• 首页
  • 本馆介绍
  • 公告通知
  • 最新文献
  • 馆藏检索
  • 电子资源
  • 读者导购
  • 参考咨询
  • 我的图书馆
  • 登录
  • 详细信息显示
  • 放入我的书架
  • 预约/预借图书
  • 作者相关作品
  • 分类相关作品
  • 丛书相关作品
  • 出版社相关作品

书目信息

  • 表格格式
  • 工作单格式
  • 卡片格式
题名:
千轴百代 书香致远
    
 
作者: 何惠昂 主编
分册:  
出版信息: 西安   西北大学出版社  2018
页数: 321页
开本: 26cm
丛书名:
单 册:
中图分类: G239.274.13-53
科图分类:
主题词: 出版工作--西安--文集
电子资源:
ISBN: 978-7-5604-4192-4
000 01093nam0 2200241 450
001 0104598970
005 20181008152015.0
010    @a978-7-5604-4192-4@dCNY58.00
100    @a20181008d2018 em y0chiy0120 ea
101 0  @achi
102    @aCN@b610000
105    @ay z 010yy
106    @ar
200 1  @a千轴百代 书香致远@9Qian Zhou Bai;Bo Dai Shu Xiang Zhi Yuan @e西北大学出版社建社35周年纪念文集@f何惠昂主编@b专著
210    @a西安@c西北大学出版社@d2018
215    @a321页@d26cm
330    @a本文集收录了西北大学出版社职工以及曾经在出版社工作过的离退休老同志和其他人员等在报刊上发表过或新创作的出版科研论文、图书评论、编辑札记、工作感悟等文章共计77篇,通过总结经验,展示成绩,集中反映出版社与作者、与读者、与时代一同走过的不平凡的出版历程以及所取得的不凡业绩,以此来纪念西北大学出版社建社35周年。
517 1  @a西北大学出版社建社35周年纪念文集@9xi bei da xue chu ban she jian she 35zhou nian ji nian wen ji
606 0  @a出版工作@y西安@j文集
690    @aG239.274.13-53@v5
701  0 @a何惠昂@9he hui ang@4主编
801  0 @aCN@bAZmarc@c20230905
905    @aBZT@dG239@e5@f3@sG239/5
    
    千轴百代 书香致远:西北大学出版社建社35周年纪念文集/何惠昂主编.-西安:西北大学出版社,2018
    321页;26cm
    
    
    ISBN 978-7-5604-4192-4:CNY58.00
    本文集收录了西北大学出版社职工以及曾经在出版社工作过的离退休老同志和其他人员等在报刊上发表过或新创作的出版科研论文、图书评论、编辑札记、工作感悟等文章共计77篇,通过总结经验,展示成绩,集中反映出版社与作者、与读者、与时代一同走过的不平凡的出版历程以及所取得的不凡业绩,以此来纪念西北大学出版社建社35周年。
●
相关链接 在五车中查询图书 在当当中查询图书 在豆瓣中查询图书


正题名:千轴百代 书香致远     索取号:G239/5         预约/预借

序号 登录号 条形码 馆藏地/架位号 状态 备注
山东省滨州职业学院图书馆 欢迎您!
大连网信软件有限公司© 版权所有